Elements of environmental engineering : (Record no. 598641)

000 -LEADER
fixed length control field 00326nam a2200121Ia 4500
008 - FIXED-LENGTH DATA ELEMENTS--GENERAL INFORMATION
fixed length control field 230907s9999||||xx |||||||||||||| ||und||
082 ## - DEWEY DECIMAL CLASSIFICATION NUMBER
Classification number 628
Author Mark VAL
100 ## - MAIN ENTRY--PERSONAL NAME
Personal name Valsaraj, K. T.
9 (RLIN) 115517
245 #0 - TITLE STATEMENT
Title Elements of environmental engineering :
260 ## - PUBLICATION, DISTRIBUTION, ETC.
Place of publication, distribution, etc. CRC Press,
Name of publisher, distributor, etc. Boca Raton :
Date of publication, distribution, etc. 2009
300 ## - PHYSICAL DESCRIPTION
Extent xv, 468 p. :
942 ## - ADDED ENTRY ELEMENTS (KOHA)
Koha item type Book
Holdings
Withdrawn status Lost status Damaged status Not for loan Permanent Location Current Location Date acquired Total Checkouts Full call number Barcode Date last seen Price effective from Koha item type
        US-Pakistan Center for Advanced Studies in Energy (USPCAS-E) US-Pakistan Center for Advanced Studies in Energy (USPCAS-E) 07/23/2019   628 VAL CAS-E0002740 09/12/2023 09/12/2023 Book
© 2023 Central Library, National University of Sciences and Technology. All Rights Reserved.